Stolice państw graniczących z Rosją - Statystyki

Ogólne statystyki
  • Ten quiz został rozwiązany 45 razy
  • Średni wynik to 11 z 14
Statystyki odpowiedzi
Stolica % Poprawnych
Warszawa
94%
Kijów
91%
Minsk
89%
Pekin
89%
Ryga
89%
Wilno
86%
Helsinki
83%
Talin
83%
Ułan Bator
83%
Astana
80%
Oslo
69%
Pjongjang
66%
Baku
63%
Tbilisi
54%
Nie znaleziono quizów pasujących do podanych kryteriów
Rozkład punktacji
Procent ludzi z każdym wynikiem
Percentyl według liczby udzielonych odpowiedzi
Twoja historia wyników
Nie rozwiązałeś tego quizu